LeBron James Quiz - Statistics

General Stats
  • This quiz has been taken 214 times
  • The average score is 10 of 15
Answer Stats
Question Answer % Correct
What year was he drafted? 2003
98%
How many teams has he played for? 2
92%
What year was he born? 1984
88%
How many kids does LeBron have? 3
84%
What is his career high in scoring? 61
81%
Whose "ghost" that played in Chicago is he chasing? Michael Jordan
78%
How many players are ahead of him in career playoff scoring? 0
72%
Which other player is known to be his best friend? Dwyane Wade
72%
What state was he born in? Ohio
72%
What is LeBron's career low in scoring? 8
65%
What high school did James attend? St. Vincent-St. Mary
55%
What is the name of his mom? Gloria James
51%
What was the TV special in 2010 that made him one of the most hated players? The Decision
50%
What is LeBron's middle name? Raymone
42%
What are the two teams he's played for? Cavaliers, Heat
30%
No matching quizzes found
Score Distribution
Percent of People with Each Score
Percentile by Number Answered
Your Score History
You have not taken this quiz